| 000 | 00487nam a22001577a 4500 | ||
|---|---|---|---|
| 082 |
_a813 _bHOW _cL-29, P-12 |
||
| 100 |
_aHaward, Robert West _945765 |
||
| 245 |
_aThe race west : Boom town to ghost town _cHaward, Robert West |
||
| 260 |
_aUSA _bA signet book _c1962 |
||
| 300 |
_a160 p. _bill. _c19 cm |
||
| 526 |
_a0 _b0 _c0 _d813_000000000000000_HOW |
||
| 526 |
_a0 _b0 _c0 _d813_000000000000000_HOW |
||
| 526 |
_a0 _b0 _c0 _d813_000000000000000_HOW |
||
| 650 |
_aMCE _9379 |
||
| 942 |
_2ddc _cBK |
||
| 999 |
_c549221 _d549221 |
||